[Event "SVK-ch U12"]
[Site "Liptovsky Mikulas"]
[Date "2007.04.23"]
[Round "3"]
[White "Horosko, Peter"]
[Black "Endresz, Pavol"]
[Result "0-1"]
[WhiteElo "1350"]
[BlackElo "1405"]
[PlyCount "80"]
[EventDate "2007.04.22"]
[EventType "swiss"]
[EventRounds "9"]
[EventCountry "SVK"]
[SourceTitle "EXT 2008"]
[Source "ChessBase"]
[SourceDate "2007.11.25"]
[SourceVersion "1"]
[SourceVersionDate "2007.11.25"]
[SourceQuality "1"]

1. e4 e5 2. Nf3 Nc6 3. Bc4 Nf6 4. d3 h6 5. 0-0 Bc5 6. Nc3 d6 7. Nd5 Be6 8. Nxf6+ Qxf6 9. Bxe6 fxe6 10. a3 0-0-0 11. b4 Bb6 12. Rb1 Rdf8 13. a4 a6 14. a5 Ba7 15. h3 Nd4 16. Nxd4 Bxd4 17. Be3 g5 18. Bxd4 exd4 19. Qh5 Rhg8 20. Rbe1 Qg6 21. Qxg6 Rxg6 22. e5 Kd7 23. exd6 cxd6 24. Rb1 b5 25. Rbc1 Rc8 26. Rfe1 g4 27. h4 g3 28. fxg3 Rxg3 29. Kh1 Rcg8 30. Re2 R8g6 31. c3 dxc3 32. Rxc3 h5 33. Rc1 R6g4 34. Rcc2 Rxh4+ 35. Kg1 Rxb4 36. Re4 Rxe4 37. dxe4 Rg4 38. Rb2 Rxe4 39. Rxb5 axb5 40. a6 Ra4 0-1

[Event "SVK-ch U12"]
[Site "Liptovsky Mikulas"]
[Date "2007.04.22"]
[Round "1"]
[White "Horosko, Peter"]
[Black "Hros, Roman"]
[Result "0-1"]
[WhiteElo "1350"]
[BlackElo "1495"]
[PlyCount "102"]
[EventDate "2007.04.22"]
[EventType "swiss"]
[EventRounds "9"]
[EventCountry "SVK"]
[SourceTitle "EXT 2008"]
[Source "ChessBase"]
[SourceDate "2007.11.25"]
[SourceVersion "1"]
[SourceVersionDate "2007.11.25"]
[SourceQuality "1"]

1. e4 e5 2. Nf3 Nc6 3. Bc4 Bc5 4. d3 d6 5. Ng5 Nh6 6. 0-0 Bg4 7. Qe1 Nd4 8. Na3 Bxa3 9. bxa3 Nxc2 10. Qc3 Nxa1 11. Qxa1 Qd7 12. h3 f6 13. hxg4 fxg5 14. Bxg5 Qxg4 15. Qc1 a6 16. f3 Qd7 17. a4 Nf7 18. Bh4 h6 19. Rf2 g5 20. Bg3 0-0-0 21. Qb1 c6 22. Qb3 b5 23. axb5 axb5 24. Bxf7 Qa7 25. Be6+ Kc7 26. Qb4 h5 27. d4 h4 28. Bh2 Rh6 29. g3 Rxe6 30. d5 Rf6 31. gxh4 gxh4 32. dxc6 Rxf3 33. Qb2 Qxf2+ 34. Qxf2 Rxf2 35. Kxf2 Rg8 36. a3 Kxc6 37. Bg1 Rxg1 38. Kxg1 Kc5 39. Kf2 Kd4 40. Kf3 h3 41. Kg3 Kxe4 42. Kxh3 Kf3 43. Kh4 e4 44. Kg5 e3 45. Kf6 e2 46. Ke6 e1Q+ 47. Kxd6 b4 48. a4 b3 49. a5 Qxa5 50. Kc6 b2 51. Kd6 b1Q 0-1